Research Guide to the Russian and Soviet Censuses (Record no. 8061)
[ view plain ]
| 000 -LEADER | |
|---|---|
| fixed length control field | 00541nam a2200121Ia 4500 |
| 008 - FIXED-LENGTH DATA ELEMENTS--GENERAL INFORMATION | |
| fixed length control field | 220615s9999||||xx |||||||||||||| ||und|| |
| 100 ## - MAIN ENTRY--PERSONAL NAME | |
| Personal name | Clem, Ralph S. |
| 245 #0 - TITLE STATEMENT | |
| Title | Research Guide to the Russian and Soviet Censuses |
| 546 ## - LANGUAGE NOTE | |
| Language note | English[eng] |
| 650 ## - SUBJECT ADDED ENTRY--TOPICAL TERM | |
| Topical term or geographic name entry element | census data||data compatibility||migration||Russian censuses||urbanization||Soviet Union||National Council for Soviet and East European Research||Russia||demographics |
| 856 ## - ELECTRONIC LOCATION AND ACCESS | |
| Uniform Resource Identifier | <a href="http://d3p9z3cj392tgc.cloudfront.net/wp-content/uploads/2016/08/23183955/9781501707155.pdf">http://d3p9z3cj392tgc.cloudfront.net/wp-content/uploads/2016/08/23183955/9781501707155.pdf</a> |
| 942 ## - ADDED ENTRY ELEMENTS (KOHA) | |
| Koha item type | E-Books |
| Withdrawn status | Lost status | Damaged status | Not for loan | Home library | Current library | Date acquired | Total Checkouts | Date last seen | Price effective from | Koha item type |
|---|---|---|---|---|---|---|---|---|---|---|
| Kerala University of Digital Sciences, Innovation and Technology Knowledge Centre | Kerala University of Digital Sciences, Innovation and Technology Knowledge Centre | 15/06/2022 | 15/06/2022 | 15/06/2022 | E-Books |